Utility of labile crosslinked SBR in radial tires (Record no. 72023)

MARC details
000 -LEADER
fixed length control field 00391nam a2200133Ia 4500
100 ## - MAIN ENTRY--AUTHOR NAME
Personal name Briggs G J
245 #0 - TITLE STATEMENT
Title Utility of labile crosslinked SBR in radial tires
260 ## - PUBLICATION, DISTRIBUTION, ETC. (IMPRINT)
Name of publisher Proceedings of the International Rubber Conference, Venice, 1979; p627-637
650 ## - SUBJECT ADDED ENTRY--TOPICAL TERM
Topical Term Radial tires
700 ## - ADDED ENTRY--PERSONAL NAME
Personal name Holmes J M
700 ## - ADDED ENTRY--PERSONAL NAME
Personal name Wei Y K
942 ## - ADDED ENTRY ELEMENTS (KOHA)
Koha item type Journals
Holdings
Withdrawn status Lost status Damaged status Not for loan Home library Current library Shelving location Date acquired Koha item type
      Journals RRII Library RRII Library Rubber general 17/12/2021 Journals